书目信息 |
| 题名: |
针灸穴位速记
|
|
| 作者: | 邵水金 主编 | |
| 分册: | ||
| 出版信息: | 上海 上海科学技术出版社 2013 |
|
| 页数: | 248 | |
| 开本: | 14cm | |
| 丛书名: | ||
| 单 册: | ||
| 中图分类: | R22 | |
| 科图分类: | ||
| 主题词: | 中医医学基础 | |
| 电子资源: | ||
| ISBN: | 7-5478-1618-9 | |
| 000 | 00557nam0 2200193 450 | |
| 001 | 1735846483 | |
| 005 | 20170410095726.48 | |
| 010 | @a7-5478-1618-9 | |
| 100 | @a20170410d km y0chiy0120 ea | |
| 101 | 0 | @achi |
| 200 | 1 | @a针灸穴位速记@Azhen jiu xue wei su ji@f邵水金主编@Fshao shui jin zhu bian |
| 205 | @a2版 | |
| 210 | @a上海@c上海科学技术出版社@d2013 | |
| 215 | @a248@d14cm | |
| 606 | 0 | @a中医医学基础 |
| 690 | @aR22@v4 | |
| 701 | 0 | @a邵水金@Ashao shui jin@4主编 |
| 801 | 0 | @aCN@b大连网信软件有限公司图书馆·11@c20170410 |
| 905 | @b6604170@dR22@en1@f1 | |
| 针灸穴位速记/邵水金主编.-2版.-上海:上海科学技术出版社,2013 |
| 248;14cm |
| ISBN 7-5478-1618-9: |
| ● |
| 相关链接 |
|
|
|
|
正题名:针灸穴位速记
索取号:R22/n1
 
预约/预借
| 序号 | 登录号 | 条形码 | 馆藏地/架位号 | 状态 | 备注 |
| 1 | 6604170 | 266041703 | 密集书库-生命科学系/ [索取号:R22/n1] | 在馆 |